Statistics for Full Metal Alchemist Brotherhood (Tough Trivia)

Click here to take the quiz!

General Stats

  • This quiz has been taken 332 times
    (329 since last reset)
  • The average score is 3 of 9

Answer Stats

HintAnswer% Correct
Who is the Flame Alchemist?Mustang
69%
Who is the first Homonculi to die?Lust
67%
Who started the Ishvalan Civil War?Envy
63%
Who does Greed take over before he is removed from the show?Ling
37%
Who is the singer of the season 1 theme?Yui
19%
Where does Winry work after she visits Ed at central the first time?Rush Valley
8%
What is the name of the place Winry lived in?Resembool
5%
Where does Al find Father when Ed is in Gluttony's stomach?Basement of command
1%
Why does Fuhrer Bradley wear an eye patch?To cover up the homonculi symbol
0%

Score Distribution

Percentile by Number Answered

Percent of People with Each Score

Your Score History

You have not taken this quiz since the last reset